| 000 | 00371nam a2200157Ia 4500 | ||
|---|---|---|---|
| 008 | 230524s9999 xx 000 0 und d | ||
| 020 | _a8185095825 | ||
| 082 |
_a4 _bRGA |
||
| 100 |
_aPeter Gray _911221 |
||
| 245 | 0 | _aLogic Algebra And Database | |
| 260 |
_aNEW DELHI _bEWP _c1988 |
||
| 300 | _a294 | ||
| 500 | _aQuantity Number: 2 | ||
| 650 | _aComp-Sc | ||
| 942 | _cBK | ||
| 999 |
_c15614 _d15614 |
||